L'économie du Moyen-Orient

Saved in:
Bibliographic Details
Main Author: Cabrillac, Bruno
Format: Book
Language:French
Published: Paris Presses Universitaires de France 1994
Series:Que sais - je ? 473
Subjects:
Tags: Add Tag
No Tags, Be the first to tag this record!

MARC

LEADER 00000nam$a2200000$$$4500
001 0115559
005 20240111124557.0
020 |a 2-13-046263-4 
041 0 |a fre 
044 |a FR 
245 1 0 |a L'économie du Moyen-Orient  |c Bruno Cabrillac 
264 1 |a Paris  |b Presses Universitaires de France  |c 1994 
300 |a 127 s. 
490 1 |a Que sais - je ?  |v 473 
830 0 |a Que sais - je ?  |v 473 
610 2 0 |a situácia hospodárska 
610 2 0 |a hospodárstvo národné 
610 2 0 |a Stredný východ 
100 1 |a Cabrillac, Bruno